Química inorgánica básica
Na minha lista:
| Principais autores: | , |
|---|---|
| Formato: | Livro |
| Idioma: | espanhol |
| Publicado em: |
Ciudad de México
Limusa
1978
|
| Assuntos: | |
| Tags: |
Adicionar Tag
Sem tags, seja o primeiro a adicionar uma tag!
|
MARC
| LEADER | 00000nam a2200000 a 4500 | ||
|---|---|---|---|
| 001 | UCW2573 | ||
| 003 | CL-VaPUC | ||
| 008 | 881220e19780000MX |||||||||||||||||spa|d | ||
| 082 | 0 | 4 | |a 546 |b COT |2 21 |
| 100 | 0 | |a Cotton, Frank Albert |e author |9 306808 | |
| 700 | 0 | |a Wilkinson, Geoffrey |e author |9 306809 | |
| 245 | 1 | 0 | |a Química inorgánica básica |
| 300 | |a 656 p | ||
| 942 | |c BK | ||
| 945 | |d 19881220 00:00:00 | ||
| 260 | |a Ciudad de México |b Limusa |c 1978 | ||
| 650 | 0 | |a Química inorgánica |9 260154 | |
| 583 | |a last modification |c 20111129 08:35:21 |k Rodrigo Vera | ||
| 999 | |c 217098 |d 217096 | ||
| 952 | |0 0 |1 0 |4 0 |6 546_000000000000000_COT_1978 |7 0 |8 A |9 203624 |a BIBCUR |b BIBCUR |d 2019-11-15 |i 2708892 |o 546 COT 1978 |p 2708892 |r 2025-04-22 |w 2019-11-15 |y BK |k QUI | ||
| 952 | |0 0 |1 0 |4 0 |6 546_000000000000000_COT_1978 |7 0 |8 A |9 203625 |a BIBCUR |b BIBCUR |d 2019-11-15 |i 2708906 |o 546 COT 1978 |p 2708906 |r 2025-04-22 |w 2019-11-15 |y BK |k QUI | ||
| 952 | |0 0 |1 0 |4 0 |6 546_000000000000000_COT_1978 |7 0 |8 A |9 203626 |a BIBCUR |b BIBCUR |d 2019-11-15 |i 2708914 |o 546 COT 1978 |p 2708914 |r 2025-04-22 |w 2019-11-15 |y BK |k QUI | ||
| 952 | |0 0 |1 0 |4 0 |6 546_000000000000000_COT_1978 |7 0 |8 A |9 203627 |a BIBCUR |b BIBCUR |d 2019-11-15 |i 1786660 |o 546 COT 1978 |p 1786660 |r 2025-04-22 |w 2019-11-15 |y BK |k BCB | ||
| 952 | |0 0 |1 0 |4 0 |6 546_000000000000000_COT_1978 |7 0 |8 A |9 203628 |a BIBING |b BIBING |d 2019-11-15 |i 3324656 |o 546 COT 1978 |p 3324656 |r 2025-01-20 |w 2019-11-15 |y BK |k ING | ||
| 952 | |0 0 |1 0 |4 0 |6 546_000000000000000_COT_1978 |7 0 |8 A |9 203629 |a BIBING |b BIBING |d 2019-11-15 |i 3324664 |l 1 |o 546 COT 1978 |p 3324664 |r 2025-01-20 |s 2023-10-24 |w 2019-11-15 |y BK |k ING | ||
| 952 | |0 0 |1 0 |4 0 |6 546_000000000000000_COT_1978 |7 0 |8 A |9 203630 |a BIBING |b BIBING |d 2019-11-15 |i 3324672 |o 546 COT 1978 |p 3324672 |r 2025-01-20 |w 2019-11-15 |y BK |k ING | ||
| 952 | |0 0 |1 0 |4 0 |6 546_000000000000000_COT_1978 |7 0 |8 A |9 203631 |a BIBING |b BIBING |d 2019-11-15 |i 3324680 |o 546 COT 1978 |p 3324680 |r 2025-01-20 |w 2019-11-15 |y BK |k ING | ||
| 952 | |0 0 |1 0 |4 0 |6 546_000000000000000_COT_1978 |7 0 |8 A |9 203632 |a BIBING |b BIBING |d 2019-11-15 |i 3324699 |o 546 COT 1978 |p 3324699 |r 2025-01-20 |w 2019-11-15 |y BK |k ING | ||
| 952 | |0 0 |1 0 |4 0 |6 546_000000000000000_COT_1978 |7 0 |8 A |9 203633 |a BIBING |b BIBING |d 2019-11-15 |i 3324702 |o 546 COT 1978 |p 3324702 |r 2025-01-20 |w 2019-11-15 |y BK |k ING | ||
| 952 | |0 0 |1 0 |4 0 |6 546_000000000000000_COT_1978 |7 0 |8 A |9 203634 |a BIBING |b BIBING |d 2019-11-15 |i 3324710 |o 546 COT 1978 |p 3324710 |r 2025-01-20 |w 2019-11-15 |y BK |k ING | ||